[Event "II Festival il Mare d'Inverno A"]
[Site "Gabicce Mare ITA"]
[Date "2013.01.06"]
[Round "9"]
[White "Rago, Riccardo"]
[Black "Rigo, Gianfrancesco"]
[WhiteElo "2061"]
[BlackElo "2022"]
[Result "1-0"]
[PlyCount "63"]
[EventDate "2013.01.02"]

1. e4 e5 2. Nf3 Nc6 3. Bb5 a6 4. Ba4 Nf6 5. O-O Be7 6. Re1 b5 7. Bb3 d6 8. c3
O-O 9. d3 Na5 10. Bc2 c5 11. Nbd2 Nc6 12. Nf1 Qc7 13. Ng3 h6 14. Bd2 d5 15. Qc1
Rd8 16. exd5 Nxd5 17. a4 Rb8 18. axb5 axb5 19. d4 exd4 20. cxd4 c4 21. Bxh6 Bf6
22. Nh5 Bxd4 23. Nxd4 Nxd4 24. Bxg7 Nxc2 25. Qxc2 Rb6 26. Be5 Qc5 27. Qe4 Rg6
28. Ng3 Bb7 29. Rad1 Rd7 30. Bd4 Qf8 31. Qe2 Nf4 32. Qe5 1-0

[Event "II Festival il Mare d'Inverno A"]
[Site "Gabicce Mare ITA"]
[Date "2013.01.06"]
[Round "9"]
[White "Ruck, Robert"]
[Black "Bodiroga, Predrag"]
[WhiteElo "2571"]
[BlackElo "2387"]
[Result "1/2-1/2"]
[PlyCount "33"]
[EventDate "2013.01.02"]

1. Nf3 d5 2. d4 Nf6 3. c4 c6 4. Nc3 dxc4 5. a4 e6 6. e3 c5 7. Bxc4 Nc6 8. O-O
Be7 9. Qe2 O-O 10. Rd1 Qc7 11. Nb5 Qb8 12. dxc5 Bxc5 13. Bd2 a6 14. Nbd4 Bd7
15. Nb3 Bd6 16. Bc3 Ne5 17. Bxe5 1/2-1/2

[Event "II Festival il Mare d'Inverno A"]
[Site "Gabicce Mare ITA"]
[Date "2013.01.06"]
[Round "9"]
[White "Tazzioli, Luca"]
[Black "Guzzetti, Luigi Enrico"]
[WhiteElo "1933"]
[BlackElo "1917"]
[Result "1/2-1/2"]
[PlyCount "50"]
[EventDate "2013.01.02"]

1. e4 c5 2. Nf3 e6 3. d3 Nc6 4. g3 d6 5. Bg2 Nf6 6. O-O Be7 7. Re1 O-O 8. c3 e5
9. a3 Rb8 10. b4 b5 11. Bb2 Qc7 12. Nbd2 Bg4 13. Nf1 a5 14. Qd2 Bxf3 15. Bxf3
Rfd8 16. Ne3 g6 17. Rec1 Qb6 18. Bg2 Bf8 19. Kh1 Bh6 20. h3 Rdc8 21. Rf1 cxb4
22. axb4 axb4 23. cxb4 Nd4 24. Qd1 Kg7 25. Rc1 Nc6 1/2-1/2

[Event "II Festival il Mare d'Inverno A"]
[Site "Gabicce Mare ITA"]
[Date "2013.01.06"]
[Round "9"]
[White "Vesce, Emanuele"]
[Black "Altini, Daniele"]
[WhiteElo "1891"]
[BlackElo "2283"]
[Result "0-1"]
[PlyCount "56"]
[EventDate "2013.01.02"]

1. e4 c5 2. Nf3 e6 3. Nc3 Nc6 4. Bb5 d6 5. O-O Bd7 6. d4 cxd4 7. Nxd4 Nf6 8.
Kh1 Be7 9. f4 O-O 10. Bxc6 bxc6 11. e5 Ne8 12. Qh5 c5 13. Nde2 g6 14. Qh6 Bc6
15. Rd1 Ng7 16. Ng3 f5 17. Nge2 d5 18. Rd3 Rf7 19. Rg3 d4 20. Nd1 c4 21. Nf2
Be4 22. Bd2 Rb8 23. Nh3 d3 24. cxd3 cxd3 25. Neg1 Rxb2 26. Bc3 Rc2 27. Bb4
Bxg2+ 28. Rxg2 Qd5 0-1

[Event "Festival Lazio Scacchi A"]
[Site "Roma ITA"]
[Date "2013.01.02"]
[Round "2"]
[White "Napoli, Nicolo'"]
[Black "Wollenweber, Carsten"]
[WhiteElo "2275"]
[BlackElo "2100"]
[Result "0-1"]
[PlyCount "50"]
[EventDate "2013.01.02"]

1. e4 d6 2. d4 Nf6 3. Nc3 e6 4. f4 Be7 5. Nf3 O-O 6. Bd3 Nc6 7. e5 Nd5 8. Nxd5
exd5 9. c3 dxe5 10. fxe5 f6 11. Qc2 fxe5 12. Bxh7+ Kh8 13. h4 exd4 14. Bd2 dxc3
15. bxc3 Bg4 16. O-O-O Rxf3 17. gxf3 Bxf3 18. Bg6 Ne5 19. Bg5 Qd6 20. Bf5 Bxh1
21. Rxh1 Rf8 22. Kb2 Nc4+ 23. Ka1 Qe5 24. Bd3 Rf2 25. Qb3 Na5 0-1

[Event "Festival Lazio Scacchi A"]
[Site "Roma ITA"]
[Date "2013.01.05"]
[Round "6"]
[White "Napoli, Nicolo'"]
[Black "Albertini, Luca"]
[WhiteElo "2275"]
[BlackElo "2085"]
[Result "1-0"]
[PlyCount "65"]
[EventDate "2013.01.02"]

1. c4 c6 2. e4 d5 3. e5 e6 4. Nc3 dxc4 5. Bxc4 Qg5 6. Nf3 Qxg2 7. Rg1 Qh3 8.
Rg3 Qh5 9. Rg5 Qh6 10. d4 g6 11. Ne4 Qg7 12. Rg3 Nd7 13. Qe2 Nh6 14. Bg5 Bb4+
15. Kf1 Nf5 16. Nf6+ Nxf6 17. Bxf6 Nxg3+ 18. fxg3 Qf8 19. Ng5 Be7 20. Qf2 Bd7
21. Ne4 O-O-O 22. Kg1 Bxf6 23. Nd6+ Kc7 24. Qxf6 Qh6 25. Qf2 Rhf8 26. Rf1 f6
27. Qe2 Qh5 28. g4 Qh4 29. Kh1 c5 30. Bb5 fxe5 31. Rxf8 Rxf8 32. Qxe5 Qxg4 33.
Ne8+ 1-0

[Event "Weekend Epifania"]
[Site "Torino ITA"]
[Date "2013.01.02"]
[Round "1"]
[White "Bustamante Montoni, Richard"]
[Black "Yao, Stefano"]
[WhiteElo "2255"]
[BlackElo "1903"]
[Result "1-0"]
[PlyCount "61"]
[EventDate "2013.01.02"]

1. Nf3 c5 2. c4 Nf6 3. Nc3 g6 4. g3 b6 5. Bg2 Bb7 6. O-O Bg7 7. d3 O-O 8. e4 d6
9. Nh4 Nc6 10. f4 Ne8 11. f5 Nd4 12. Ne2 a6 13. Be3 Nc7 14. Qd2 Nxe2+ 15. Qxe2
e6 16. Qd2 Re8 17. fxg6 hxg6 18. Bg5 Qd7 19. Bf6 Rf8 20. Qg5 Ne8 21. Bxg7 Kxg7
22. Rf2 Qd8 23. Qd2 e5 24. Raf1 Bc8 25. Nf5+ Bxf5 26. exf5 Rb8 27. f6+ Kh7 28.
h4 Rh8 29. h5 Nc7 30. Be4 Ne6 31. hxg6+ 1-0

[Event "Weekend Epifania"]
[Site "Torino ITA"]
[Date "2013.01.02"]
[Round "1"]
[White "Llupa, Oltjon"]
[Black "Pulito, Alberto"]
[WhiteElo "1903"]
[BlackElo "2272"]
[Result "0-1"]
[PlyCount "96"]
[EventDate "2013.01.02"]

1. d4 Nf6 2. c4 e6 3. Nc3 Bb4 4. e3 O-O 5. Qc2 d5 6. Nf3 a6 7. a3 Bxc3+ 8. bxc3
c5 9. Bd3 dxc4 10. Bxc4 b5 11. Bd3 c4 12. Be2 Bb7 13. O-O Nbd7 14. a4 Qc7 15.
Nd2 Rfe8 16. f3 e5 17. Rf2 h6 18. Rb1 Bc6 19. axb5 axb5 20. Qf5 Nb6 21. Ne4
Nxe4 22. fxe4 exd4 23. Bh5 Re7 24. exd4 Bxe4 25. Qxb5 Bxb1 26. Qxb1 Re1+ 27.
Rf1 Rxf1+ 28. Kxf1 Re8 29. Qf5 Qe7 30. Qf2 Nd5 31. Bd2 Nf6 32. Bf3 Rb8 33. Qe1
Qd7 34. Bf4 Re8 35. Qb1 Nd5 36. Bd2 Ne3+ 37. Kg1 Qe6 38. Qb7 Ng4 39. g3 Nf6 40.
Qb5 Rd8 41. Qb7 Qf5 42. Qc7 Re8 43. Qf4 Qb1+ 44. Kg2 Qc2 45. Kh3 Qd3 46. Bc6
Re2 47. Qb8+ Kh7 48. Bf4 Qf5+ 0-1

[Event "Weekend Epifania"]
[Site "Torino ITA"]
[Date "2013.01.03"]
[Round "2"]
[White "Barbiso, Tiziana"]
[Black "Petritaj, Ferdinando"]
[WhiteElo "1971"]
[BlackElo "2172"]
[Result "0-1"]
[PlyCount "66"]
[EventDate "2013.01.02"]

1. e4 c6 2. d4 d5 3. exd5 cxd5 4. c3 Nf6 5. Bf4 Nc6 6. Bd3 Bg4 7. Qb3 Qc8 8.
Nd2 e6 9. Ngf3 Be7 10. O-O O-O 11. Rae1 Re8 12. Ne5 Nxe5 13. Bxe5 Nd7 14. Qc2
Nf8 15. Re3 Bh5 16. Rg3 Bg6 17. Nf3 Qd8 18. Rg4 f6 19. Bf4 Bd6 20. Bxd6 Qxd6
21. Nh4 Bxd3 22. Qxd3 Re7 23. f4 Nd7 24. Rf3 Rb8 25. Rh3 f5 26. Nf3 fxg4 27.
Qxh7+ Kf7 28. Qh5+ g6 29. Ng5+ Ke8 30. Qh8+ Nf8 31. Rh7 Rxh7 32. Nxh7 Qxf4 33.
Nf6+ Kf7 0-1

[Event "Weekend Epifania"]
[Site "Torino ITA"]
[Date "2013.01.03"]
[Round "2"]
[White "De Castro Giovanni"]
[Black "Giacometto, Mario"]
[WhiteElo "1849"]
[BlackElo "2007"]
[Result "1-0"]
[PlyCount "133"]
[EventDate "2013.01.02"]

1. e3 d5 2. Nf3 Nf6 3. d4 e6 4. Bd3 Be7 5. O-O O-O 6. Nbd2 b6 7. Qe2 Bb7 8. e4
dxe4 9. Nxe4 Nbd7 10. Rd1 Bxe4 11. Bxe4 Nxe4 12. Qxe4 Nf6 13. Qe2 Qc8 14. Bg5
h6 15. Bh4 Re8 16. Re1 c5 17. Rad1 cxd4 18. Nxd4 Rd8 19. Qf3 Rd5 20. c3 b5 21.
Qe2 a6 22. Nf3 Rxd1 23. Rxd1 Qb7 24. Ne5 Rd8 25. Rxd8+ Bxd8 26. Qd3 Be7 27. h3
Nd5 28. Bg3 Bd6 29. Ng4 Qc7 30. Bxd6 Qxd6 31. g3 Qc5 32. Ne5 Qc7 33. Qe4 Kf8
34. Kg2 Ke7 35. h4 f6 36. Nf3 Qc4 37. Nd4 Qc8 38. f4 Kd6 39. Kf3 Qd7 40. Qd3
Ke7 41. Qe4 Kf7 42. g4 Nc7 43. Qc6 Qxc6+ 44. Nxc6 Ke8 45. Ke4 Kd7 46. Nd4 Kd6
47. h5 Nd5 48. f5 Nc7 49. fxe6 Nxe6 50. Nf5+ Kc5 51. Ne3 Kd6 52. Kf5 Nf8 53. b3
Kc5 54. Nc2 Kd5 55. Nb4+ Kc5 56. Nxa6+ Kb6 57. Nb4 Kc5 58. Nd3+ Kd5 59. Nf4+
Kd6 60. a4 bxa4 61. bxa4 Nd7 62. Ne6 Nb6 63. a5 Nd5 64. Nxg7 Nxc3 65. Kxf6 Nd5+
66. Kg6 Ne3 67. Nf5+ 1-0

[Event "Weekend Epifania"]
[Site "Torino ITA"]
[Date "2013.01.03"]
[Round "2"]
[White "Nastro, Federico"]
[Black "Quirico, Paolo"]
[WhiteElo "1761"]
[BlackElo "2118"]
[Result "0-1"]
[PlyCount "78"]
[EventDate "2013.01.02"]

1. e4 e6 2. d4 d5 3. Nd2 Nf6 4. e5 Nfd7 5. Bd3 c5 6. c3 Nc6 7. Ngf3 Be7 8. O-O
g5 9. dxc5 Ndxe5 10. Bb5 Bd7 11. Nb3 Nxf3+ 12. Qxf3 Ne5 13. Qe2 Bxb5 14. Qxb5+
Qd7 15. Qe2 Nc6 16. f4 gxf4 17. Bxf4 O-O-O 18. a4 Rhg8 19. a5 a6 20. Be3 Rg7
21. Bd4 Nxd4 22. cxd4 Rdg8 23. Rf2 Bh4 24. Rf4 Rxg2+ 25. Qxg2 Rxg2+ 26. Kxg2
Bg5 27. Rf3 Qb5 28. Raf1 f6 29. Kg3 f5 30. h4 Bh6 31. Kh3 Qe2 32. R1f2 Qe4 33.
Rg3 Qh1+ 34. Rh2 Qf1+ 35. Rhg2 Bf4 36. Rg8+ Kc7 37. R8g7+ Kc6 38. R7g3 Bxg3 39.
Kxg3 Qd3+ 0-1

[Event "Weekend Epifania"]
[Site "Torino ITA"]
[Date "2013.01.04"]
[Round "3"]
[White "Gallucci, Alessio"]
[Black "Bringas Osuna, Ivan Jarek"]
[WhiteElo "2206"]
[BlackElo "2157"]
[Result "1-0"]
[PlyCount "68"]
[EventDate "2013.01.02"]

1. c4 e5 2. Nc3 Nc6 3. g3 g6 4. Bg2 Bg7 5. e3 Nge7 6. Nge2 O-O 7. O-O d6 8. h3
Be6 9. Nd5 Qd7 10. Kh2 Nd8 11. b3 c6 12. Nxe7+ Qxe7 13. Ba3 f5 14. Rc1 Nf7 15.
f4 Bd7 16. d4 e4 17. Nc3 Bf6 18. Rg1 Kh8 19. b4 g5 20. d5 a5 21. dxc6 bxc6 22.
b5 g4 23. hxg4 Nh6 24. Bh3 fxg4 25. Bg2 Nf5 26. Bxe4 Qg7 27. Qd3 Qh6+ 28. Kg2
Nxg3 29. Rh1 Nxh1 30. Rxh1 Bh4 31. Bxd6 Rf7 32. bxc6 Be6 33. c7 Rc8 34. f5 Bxc4
1-0

[Event "Weekend Epifania"]
[Site "Torino ITA"]
[Date "2013.01.04"]
[Round "3"]
[White "Petritaj, Ferdinando"]
[Black "Melone, Antonio"]
[WhiteElo "2172"]
[BlackElo "2106"]
[Result "1-0"]
[PlyCount "56"]
[EventDate "2013.01.02"]

1. d4 Nf6 2. c4 c5 3. d5 e6 4. Nc3 exd5 5. cxd5 d6 6. Nf3 g6 7. Nd2 a6 8. a4
Nbd7 9. g3 Bg7 10. Bg2 O-O 11. O-O Ne8 12. e4 Ne5 13. h3 f5 14. exf5 Bxf5 15.
Nde4 Nf6 16. Ng5 Qc8 17. g4 Bd7 18. Ne6 b5 19. axb5 axb5 20. Rxa8 Qxa8 21. Nxf8
Bxf8 22. Bg5 Bg7 23. Bxf6 Bxf6 24. Ne4 Qf8 25. Nxf6+ Qxf6 26. b3 c4 27. bxc4
bxc4 28. Qa1 h5 1-0

[Event "Weekend Epifania"]
[Site "Torino ITA"]
[Date "2013.01.05"]
[Round "4"]
[White "Barletta, Mauro"]
[Black "Giacometto, Mario"]
[WhiteElo "2221"]
[BlackElo "2007"]
[Result "1-0"]
[PlyCount "77"]
[EventDate "2013.01.02"]

1. Nf3 d5 2. c4 e6 3. g3 Nf6 4. Bg2 c6 5. b3 Nbd7 6. Bb2 Be7 7. O-O O-O 8. d3
b6 9. Nc3 Bb7 10. Rc1 Rc8 11. Qd2 c5 12. e3 Re8 13. Rfd1 Bf8 14. cxd5 Nxd5 15.
Nxd5 Bxd5 16. e4 Bb7 17. Qe2 e5 18. Bh3 Bd6 19. Nh4 g6 20. Ng2 Rc7 21. Bg4 Bf8
22. h4 Bg7 23. Ne3 Bh6 24. Rf1 Nf6 25. Bh3 Ba6 26. Rcd1 Nh5 27. Nd5 Rc6 28. Qc2
Nf6 29. Nb4 Bb7 30. Nxc6 Bxc6 31. b4 Bf8 32. Rfe1 Qa8 33. bxc5 Bxc5 34. Kh2 Nh5
35. Qe2 Re7 36. Rf1 f5 37. Bxf5 Nxg3 38. fxg3 gxf5 39. Rxf5 1-0

[Event "Weekend Epifania"]
[Site "Torino ITA"]
[Date "2013.01.05"]
[Round "4"]
[White "De Castro Giovanni"]
[Black "Gallucci, Alessio"]
[WhiteElo "1849"]
[BlackElo "2206"]
[Result "0-1"]
[PlyCount "155"]
[EventDate "2013.01.02"]

1. e3 d5 2. Nf3 Nf6 3. d4 e6 4. Bd3 c5 5. c3 Nc6 6. Nbd2 Be7 7. O-O O-O 8. Qe2
Re8 9. dxc5 Bxc5 10. e4 e5 11. b4 Bf8 12. a3 Bg4 13. h3 Bh5 14. Bb2 dxe4 15.
Nxe4 Nd5 16. Bc4 Nf4 17. Qe3 Qc7 18. Bb3 Ne7 19. Ng3 Ned5 20. Bxd5 Nxd5 21. Qe4
Nf6 22. Qe3 Bg6 23. c4 Qxc4 24. Nxe5 Qc2 25. Qc1 Rac8 26. Nxg6 Qxg6 27. Qf4 Ne4
28. Nf5 Rc2 29. Bd4 Nc3 30. Bxc3 Rxc3 31. Rfe1 Re6 32. Rac1 Qf6 33. Rxe6 Rxc1+
34. Qxc1 Qxe6 35. Qc2 g6 36. Ne3 Bd6 37. Qd3 h5 38. h4 Bc7 39. Kf1 Qf6 40. Nd5
Qa1+ 41. Ke2 Be5 42. Ne3 Bc3 43. Nd1 Bd4 44. g3 Bb6 45. Kf3 Qf6+ 46. Kg2 Qc6+
47. Kf1 Qc7 48. Nc3 Qe5 49. Qf3 Kg7 50. Nd5 Bd4 51. Nf4 Qf6 52. Qxb7 Bb6 53.
Qf3 Qa1+ 54. Kg2 Bd4 55. Nh3 Bf6 56. Qb3 Qc1 57. b5 Qe1 58. Qd3 Qa1 59. Qb3 Qe1
60. Ng5 Qe7 61. a4 Qb7+ 62. Qf3 Qe7 63. Qd5 Qc7 64. a5 Bxg5 65. hxg5 Qxa5 66.
Qe5+ Kg8 67. Qc5 Qd8 68. Kf3 Qd3+ 69. Kf4 Qd2+ 70. Ke4 Qe2+ 71. Kd5 Qe6+ 72.
Kd4 Qa2 73. Kc3 Qa1+ 74. Kd3 Qb1+ 75. Kd4 Qd1+ 76. Ke5 Qd7 77. f4 Qg4 78. Qd5
$138 0-1

[Event "Weekend Epifania"]
[Site "Torino ITA"]
[Date "2013.01.05"]
[Round "4"]
[White "Sorcinelli, Francesco"]
[Black "Bustamante Montoni, Richard"]
[WhiteElo "2201"]
[BlackElo "2255"]
[Result "1/2-1/2"]
[PlyCount "57"]
[EventDate "2013.01.02"]

1. e4 d6 2. d4 Nf6 3. Nc3 g6 4. f4 Bg7 5. Nf3 c5 6. dxc5 Qa5 7. Qd4 O-O 8. cxd6
exd6 9. Bd2 Re8 10. Bd3 Bf5 11. Qxd6 Bxe4 12. Nxe4 Nxe4 13. Bxa5 Nxd6+ 14. Kd2
Bxb2 15. Rae1 Nc6 16. Bc7 Ba3 17. Bxd6 Bxd6 18. Rxe8+ Rxe8 19. f5 Ne5 20. Nxe5
Rxe5 21. fxg6 hxg6 22. h3 Kg7 23. Rb1 b6 24. Rb5 Bc5 25. c4 Kf6 26. Rb1 Rg5 27.
Be4 Ke5 28. Bd5 Rf5 29. Kd3 1/2-1/2

[Event "Weekend Epifania"]
[Site "Torino ITA"]
[Date "2013.01.06"]
[Round "5"]
[White "Bustamante Montoni, Richard"]
[Black "De Castro Giovanni"]
[WhiteElo "2255"]
[BlackElo "1849"]
[Result "0-1"]
[PlyCount "50"]
[EventDate "2013.01.02"]

1. Nf3 e6 2. d4 Nf6 3. c4 d5 4. Nc3 Be7 5. e3 O-O 6. Bd3 dxc4 7. Bxc4 c5 8. O-O
a6 9. Ne5 Qc7 10. f4 b5 11. Bd3 Bb7 12. dxc5 Bxc5 13. Bd2 Nbd7 14. Ng4 Rad8 15.
Nf2 e5 16. f5 Nb6 17. Qe2 Qc6 18. Be4 Nxe4 19. Ncxe4 Nc4 20. Rfd1 Rxd2 21. Rxd2
Bxe3 22. Kf1 Nxd2+ 23. Nxd2 Qxg2+ 24. Ke1 Bxd2+ 25. Kxd2 Rd8+ 0-1

[Event "Weekend Epifania"]
[Site "Torino ITA"]
[Date "2013.01.06"]
[Round "5"]
[White "Gallucci, Alessio"]
[Black "Petritaj, Ferdinando"]
[WhiteElo "2206"]
[BlackElo "2172"]
[Result "1-0"]
[PlyCount "53"]
[EventDate "2013.01.02"]

1. d4 Nf6 2. Bg5 e6 3. e3 c5 4. Nd2 Be7 5. Ngf3 b6 6. Bd3 Bb7 7. O-O O-O 8. c3
d6 9. Qe2 a6 10. Rad1 Re8 11. e4 cxd4 12. Nxd4 Nbd7 13. f4 Qc7 14. Kh1 Nc5 15.
Bc2 b5 16. e5 Nd5 17. N2f3 Rad8 18. Bxh7+ Kxh7 19. Bxe7 Nxe7 20. Ng5+ Kg8 21.
Qh5 Nf5 22. Nxf5 exf5 23. exd6 Rxd6 24. Rxd6 Ne6 25. Rxe6 Rxe6 26. Nxe6 fxe6
27. Qe8+ 1-0

[Event "Weekend Epifania"]
[Site "Torino ITA"]
[Date "2013.01.06"]
[Round "6"]
[White "De Castro Giovanni"]
[Black "Fassio, Luca"]
[WhiteElo "1849"]
[BlackElo "2081"]
[Result "1-0"]
[PlyCount "71"]
[EventDate "2013.01.02"]

1. e3 g6 2. Nf3 Bg7 3. d4 d6 4. c4 Nf6 5. Nc3 O-O 6. Be2 c5 7. O-O Nc6 8. d5
Na5 9. e4 e6 10. h3 exd5 11. exd5 a6 12. a3 b6 13. Bd3 Rb8 14. Bg5 b5 15. cxb5
c4 16. Bc2 axb5 17. Nd4 Bd7 18. Ne4 h6 19. Nxf6+ Bxf6 20. Bxh6 Re8 21. Bf4 Qb6
22. Be3 Qb7 23. Qf3 Bg7 24. Rfd1 b4 25. axb4 Qxb4 26. Bd2 Qxb2 27. Bc3 Qb7 28.
Rxa5 Ra8 29. Rda1 Rxa5 30. Rxa5 Qb6 31. Qd1 Be5 32. Qa1 Rc8 33. Nf3 Bf4 34. Ra8
Qd8 35. Rxc8 Qxc8 36. Qa7 1-0

[Event "C.to Provinciale BG"]
[Site "Bergamo ITA"]
[Date "2013.01.19"]
[Round "1"]
[White "Andolfatto, Maria"]
[Black "Oteri, Aldo"]
[WhiteElo "1428"]
[BlackElo "1794"]
[Result "0-1"]
[PlyCount "118"]
[EventDate "2013.01.19"]

1. e4 e6 2. d4 d5 3. e5 c5 4. Be3 Nc6 5. f4 Nh6 6. Nf3 Nf5 7. Bf2 Qa5+ 8. c3
cxd4 9. Nxd4 Nfxd4 10. Bxd4 Nxd4 11. Qxd4 Bc5 12. Qd3 Qb6 13. Qb5+ Bd7 14. Qxb6
Bxb6 15. Nd2 Be3 16. g3 d4 17. a4 dxc3 18. bxc3 Rc8 19. Ra3 O-O 20. Bb5 Rfd8
21. Nc4 Bc5 22. Rb3 a6 23. Bxd7 Rxd7 24. Ke2 f6 25. Rd1 Rcd8 26. Rxd7 Rxd7 27.
Kf3 Kf7 28. g4 Kg6 29. Nd6 Bxd6 30. exd6 Rxd6 31. Rxb7 Rd3+ 32. Kg2 Rxc3 33.
Rb6 Rc4 34. Rxa6 Rxf4 35. h3 e5 36. a5 h5 37. Rc6 hxg4 38. a6 gxh3+ 39. Kxh3
Ra4 40. Kg3 Kg5 41. Rc7 g6 42. a7 Ra3+ 43. Kf2 f5 44. Ke2 e4 45. Re7 Kf4 46.
Kf2 Ra2+ 47. Ke1 Kf3 48. Rd7 e3 49. Kd1 e2+ 50. Ke1 Ra1+ 51. Kd2 e1=Q+ 52. Kd3
Qd1+ 53. Kc4 Qxd7 54. Kc5 Qxa7+ 55. Kc4 Rd1 56. Kc3 Qc5+ 57. Kb2 Qb4+ 58. Kc2
Rd2+ 59. Kc1 Qb2# 0-1

[Event "C.to Provinciale BG"]
[Site "Bergamo ITA"]
[Date "2013.01.19"]
[Round "1"]
[White "Attuati, Luca"]
[Black "Villa, Claudio"]
[WhiteElo "1469"]
[BlackElo "1813"]
[Result "1-0"]
[PlyCount "69"]
[EventDate "2013.01.19"]

1. e4 c6 2. Nc3 d5 3. exd5 cxd5 4. d4 Bf5 5. Nf3 Nf6 6. h3 h6 7. Bb5+ Nc6 8.
O-O e6 9. Re1 Bb4 10. Ne5 O-O 11. Nxc6 bxc6 12. Bxc6 Rc8 13. Bb7 Rxc3 14. bxc3
Bxc3 15. Ba3 Re8 16. Bc6 Nd7 17. Qf3 Bxa1 18. Rxa1 Qc7 19. Bxd5 exd5 20. Qxf5
Qc3 21. Rb1 Nf6 22. Bc5 Qa5 23. a3 Qc7 24. Bb4 Re4 25. Bc5 Re6 26. Bb4 g6 27.
Qd3 Rc6 28. Bc5 Ne4 29. Re1 Nxc5 30. dxc5 Qd7 31. Qd4 Rc8 32. c4 Qc6 33. cxd5
Qd7 34. d6 Rc6 35. Re7 1-0

[Event "C.to Provinciale BG"]
[Site "Bergamo ITA"]
[Date "2013.01.19"]
[Round "1"]
[White "Colonetti, Giacomo"]
[Black "Tentori, Giulio"]
[WhiteElo "1374"]
[BlackElo "1720"]
[Result "0-1"]
[PlyCount "56"]
[EventDate "2013.01.19"]

1. e4 e5 2. Nf3 Nf6 3. Nc3 Nc6 4. Be2 Bc5 5. d3 O-O 6. Be3 Qe7 7. O-O h6 8. a3
d6 9. Bxc5 dxc5 10. h3 Be6 11. Nh2 Rad8 12. b3 c4 13. Ng4 Nxg4 14. Bxg4 cxd3
15. Bxe6 dxc2 16. Bxf7+ Rxf7 17. Qxc2 Nd4 18. Qb2 Qg5 19. Kh1 Nf3 20. Qe2 Rdf8
21. Nd1 Qh4 22. Ra2 Rf4 23. Nc3 Ng5 24. f3 Nxh3 25. gxh3 Qxh3+ 26. Qh2 Qxf1+
27. Qg1 Qxf3+ 28. Rg2 Rh4+ 0-1

[Event "C.to Provinciale BG"]
[Site "Bergamo ITA"]
[Date "2013.01.19"]
[Round "1"]
[White "Falchi, Claudio"]
[Black "Prevedello, Daniele"]
[WhiteElo "1867"]
[BlackElo "1527"]
[Result "1-0"]
[PlyCount "67"]
[EventDate "2013.01.19"]

1. e4 c5 2. Nc3 Nc6 3. g3 Nf6 4. Bg2 d6 5. d3 e5 6. f4 g6 7. Nf3 Bh6 8. O-O
exf4 9. gxf4 Bg4 10. Qe1 O-O 11. Qh4 Bh5 12. Ne2 Kg7 13. Ng3 Bxf3 14. Rxf3 Nd4
15. Rf2 Ne6 16. Bh3 Nd7 17. Nf5+ gxf5 18. Rg2+ Kh8 19. Qxh6 Qf6 20. Qxf6+ Nxf6
21. Bxf5 Nd4 22. Bh3 Nh5 23. Be3 Nf3+ 24. Kf2 Nh4 25. Rg5 Nf6 26. Bd2 Rae8 27.
Bc3 Re6 28. Bxe6 fxe6 29. Rag1 Ng6 30. f5 exf5 31. Rxg6 hxg6 32. Rxg6 fxe4 33.
Rxf6 Rxf6+ 34. Bxf6+ 1-0

[Event "C.to Provinciale BG"]
[Site "Bergamo ITA"]
[Date "2013.01.19"]
[Round "1"]
[White "Ferrari, Paolo"]
[Black "Moroni, Luca jr"]
[WhiteElo "1717"]
[BlackElo "2161"]
[Result "0-1"]
[PlyCount "90"]
[EventDate "2013.01.19"]

1. d4 d5 2. c4 e6 3. Nc3 c6 4. Nf3 Nf6 5. Bg5 Nbd7 6. Qc2 Qa5 7. Rc1 Ne4 8.
cxd5 exd5 9. e3 Bb4 10. Bd3 Nxg5 11. Nxg5 h6 12. Nf3 Qxa2 13. O-O Qa5 14. Nd2
Nf6 15. f3 Qd8 16. Ne2 Qe7 17. e4 dxe4 18. fxe4 Bxd2 19. Qxd2 Nxe4 20. Qf4 Nf6
21. Ng3 Nd5 22. Qf3 O-O 23. Rce1 Qh4 24. Re4 Qf6 25. Qh5 Qg6 26. Qe5 Bd7 27.
Re3 Qe6 28. Qxe6 Bxe6 29. Ref3 Rae8 30. Ne4 Nb4 31. Nc5 Nxd3 32. Nxe6 Rxe6 33.
Rxd3 Rd8 34. Rfd1 Re2 35. b3 Rd5 36. Kf1 Rb2 37. h3 f5 38. Kg1 a5 39. Kh2 f4
40. Re1 Rg5 41. Re8+ Kh7 42. Re1 Rbxg2+ 43. Kh1 R2g3 44. Rxg3 Rxg3 45. Kh2 Rxb3
0-1

[Event "C.to Provinciale BG"]
[Site "Bergamo ITA"]
[Date "2013.01.19"]
[Round "1"]
[White "Folcini, Gaddo"]
[Black "Tarelli, Daniele"]
[WhiteElo "1611"]
[BlackElo "1936"]
[Result "0-1"]
[PlyCount "102"]
[EventDate "2013.01.19"]

1. e4 c5 2. d4 cxd4 3. c3 Nf6 4. e5 Nd5 5. Bc4 Qc7 6. Qe2 Nb6 7. Bb3 Nc6 8. Nf3
e6 9. cxd4 Nxd4 10. Nxd4 Qxc1+ 11. Bd1 Bb4+ 12. Kf1 O-O 13. a3 Be7 14. b3 Nd5
15. Nc2 Qb2 16. Nd2 Nc3 17. Qd3 Nxd1 18. Rxd1 Qxe5 19. h4 b6 20. Nf3 Qa5 21.
Kg1 Ba6 22. Qe3 d6 23. Ncd4 Qxa3 24. Ng5 Qc5 25. Qe4 Bxg5 26. hxg5 g6 27. Qh4
h5 28. gxh6 Qe5 29. Nc6 g5 30. Ne7+ Kh8 31. Qb4 Rae8 32. Nc6 Qc5 33. Qg4 Qxc6
34. Qxg5 Qc3 35. Rh3 Qe5 36. Qd2 Rg8 37. Re1 Qd5 38. Qc3+ e5 39. Rh2 Bb7 40. f3
Qc5+ 41. Qxc5 bxc5 42. Kf2 Re6 43. g4 Rgg6 44. Reh1 Kh7 45. Rh5 Rxh6 46. Rf5
Rxh1 47. Rxf7+ Kg6 48. Rxb7 Rh7 49. Rb8 Rf6 50. Rd8 Rb7 51. Rg8+ Kf7 0-1

[Event "C.to Provinciale BG"]
[Site "Bergamo ITA"]
[Date "2013.01.19"]
[Round "1"]
[White "Guerini, Sara"]
[Black "Ranfagni, Stefano"]
[WhiteElo "1685"]
[BlackElo "2040"]
[Result "0-1"]
[PlyCount "64"]
[EventDate "2013.01.19"]

1. e4 e6 2. d4 d5 3. exd5 exd5 4. Bd3 Nf6 5. Nc3 c6 6. Bf4 Bd6 7. Qd2 Be6 8.
Nge2 Qc7 9. O-O-O Nbd7 10. h3 O-O-O 11. Kb1 h6 12. Bxd6 Qxd6 13. Nc1 Nb6 14.
Nb3 Nc4 15. Qe2 Rhe8 16. Qf3 b6 17. Rhe1 Kb8 18. Re2 a5 19. Na4 Ka7 20. Nd2 b5
21. Nc5 Nd7 22. Bxc4 bxc4 23. Qa3 Nxc5 24. dxc5 Qc7 25. Nf3 Rb8 26. Nd4 Ka6 27.
Qa4 Bd7 28. Rxe8 Rxe8 29. b3 Rb8 30. Re1 Rb4 31. Qa3 c3 32. Re7 Rxd4 0-1

[Event "C.to Provinciale BG"]
[Site "Bergamo ITA"]
[Date "2013.01.19"]
[Round "1"]
[White "Guerini, Silvia jr"]
[Black "Rota, Gabriele"]
[WhiteElo "1756"]
[BlackElo "1359"]
[Result "1-0"]
[PlyCount "131"]
[EventDate "2013.01.19"]

1. e4 e5 2. Nf3 Nc6 3. Bc4 f5 4. d3 f4 5. Nc3 d6 6. d4 g5 7. dxe5 Nxe5 8. Nxe5
dxe5 9. Qh5+ Kd7 10. Bxg8 Rxg8 11. Qf7+ Be7 12. O-O Kc6 13. Rd1 Bd6 14. Qd5+
Kd7 15. Qxe5 Rg6 16. Qd4 Ke7 17. e5 c5 18. exd6+ Qxd6 19. Qe4+ Qe6 20. Nd5+ Kf7
21. Qxe6+ Bxe6 22. Nc7 Rc8 23. Nxe6 Rxe6 24. Bd2 b5 25. a3 Rd8 26. Bc3 Rb8 27.
Rd7+ Re7 28. Rxe7+ Kxe7 29. Re1+ Kd7 30. h3 Rb6 31. Rd1+ Ke6 32. Kf1 Rb7 33.
Re1+ Kd5 34. Re5+ Kc4 35. Rxg5 b4 36. axb4 cxb4 37. Bd2 b3 38. c3 Kd3 39. Bxf4
Kc2 40. c4 Kxb2 41. Rb5 Rxb5 42. cxb5 Kc3 43. Be5+ Kc4 44. f4 Kxb5 45. f5 Kc6
46. Ke2 a5 47. Kd3 Kd5 48. Bb2 a4 49. g4 Kd6 50. g5 Ke7 51. h4 Kf7 52. h5 Kf8
53. g6 hxg6 54. hxg6 Kg8 55. f6 a3 56. Bxa3 b2 57. Bxb2 Kf8 58. f7 Ke7 59. Ba3+
Kf6 60. f8=Q+ Kxg6 61. Be7 Kh5 62. Qg8 Kh6 63. Bg5+ Kh5 64. Be3 Kh4 65. Qg2 Kh5
66. Qg5# 1-0

[Event "C.to Provinciale BG"]
[Site "Bergamo ITA"]
[Date "2013.01.19"]
[Round "1"]
[White "Pecorario, Stefano"]
[Black "Maffeis, Fabio"]
[WhiteElo "1785"]
[BlackElo "1391"]
[Result "1-0"]
[PlyCount "73"]
[EventDate "2013.01.19"]

1. e4 e5 2. Nf3 Nf6 3. Nc3 Nc6 4. Bb5 d6 5. d4 Bd7 6. d5 Na5 7. Be2 b6 8. Bg5
Be7 9. Bxf6 Bxf6 10. b4 Nb7 11. Ba6 Bc8 12. a4 Qe7 13. Bb5+ Bd7 14. Bc6 Bxc6
15. dxc6 Nd8 16. Nd5 Qf8 17. Nxc7+ Ke7 18. Nxa8 Nxc6 19. Nc7 Nxb4 20. Nd5+ Nxd5
21. Qxd5 Qc8 22. O-O Qd7 23. a5 Rc8 24. axb6 axb6 25. Ra6 Rc5 26. Qb3 Rb5 27.
Qa4 Qc6 28. c4 Rc5 29. Qxc6 Rxc6 30. Nd2 Kd7 31. g3 Bd8 32. h4 Rc5 33. Rc1 Ra5
34. Rxa5 bxa5 35. c5 Kc6 36. cxd6+ Kxd6 37. Nc4+ 1-0